[Event "RUS-ch sf 58th"]
[Site "Kazan"]
[Date "2005.09.09"]
[Round "7"]
[White "Galkin, Alexander"]
[Black "Balashov, Yuri S"]
[Result "1-0"]
[WhiteElo "2598"]
[BlackElo "2469"]
[Annotator "Erenburg,S"]
[PlyCount "63"]
[EventDate "2005.09.03"]
[EventType "swiss"]
[EventRounds "9"]
[EventCountry "RUS"]
[SourceTitle "CBM 109"]
[Source "ChessBase"]
[SourceDate "2005.11.14"]
[SourceVersion "1"]
[SourceVersionDate "2005.11.14"]
[SourceQuality "1"]

1. e4 e5 2. Nf3 Nc6 3. Bb5 a6 4. Ba4 Nf6 5. O-O Be7 6. Re1 b5 7. Bb3 d6 8. c3
O-O 9. h3 (9. d4 Bg4 10. d5 Na5 11. Bc2 {1-0 Comp Hydra-Adams,M/London 2005/
CBM 108_01/[Erenburg] (28)}) 9... Nd7 {Black transfers the kingside knight to
b6 and liberates the f6 square for dark-squared bishop in order to press
white's centre along the h8-a1 diagonal. More popular continuations are:} (9...
Na5 10. Bc2 c5 11. d4 {1-0 Leko,P-Adams,M/Miskolc 2005/CBM 108_01/[Erenburg] 
(32)}) (9... Bb7 10. d4 Re8 {0-1 Sutovsky,E-Bacrot,E/Dortmund 2005/CBM 108_01/
[Erenburg] (31)}) 10. d4 Nb6 {Black prefers not to define the position of his
light-squared bishop as long time as possible. Another option is:} (10... Bb7
11. Nbd2 Bf6 12. Nf1 Re8 13. N1h2 exd4 14. cxd4 Na5 15. Bc2 c5 16. Ng4 cxd4 17.
Nxd4 Bxd4 18. Qxd4 $14 {1-0 Bauer,C-Fressinet,L/Belfort 2003/CBM 99/[Wedberg] 
(37)}) 11. Nbd2 (11. Be3 exd4 12. cxd4 Na5 13. Bc2 c5 14. Nc3 Nac4 15. Bc1 cxd4
16. Nxd4 Bf6 17. a4 bxa4 $10 {1-0 Gligoric,S-Olafsson,F/Bled/Zagreb/Belgrade
1959/Candidates/[Bulletin] (51)}) (11. a3 Bf6 12. Ba2 Bb7 13. Be3 d5 14. Nxe5
Nxe5 15. dxe5 Bxe5 16. Bxb6 cxb6 17. Bxd5 $14 {1-0 Short,N-Adams,M/Groningen
1997/CBM 063 (44)}) 11... Bf6 (11... exd4 12. cxd4 Nb4 13. Nf1 c5 14. a3 Nc6 {
1-0 Svidler,P-Adams,M/Linares 1999/CBM 070/[Wedberg] (33)}) 12. Nf1 ({White
didn't get anything after} 12. dxe5 Nxe5 13. Nxe5 dxe5 14. Qf3 c5 15. Nf1 c4
16. Bc2 Be6 $11 {1-0 Shirov,A-Balashov,Y/Tallinn EST 2005/The Week in Chess
533 (35)}) 12... Na5 {driving away the bishop from an active position, and, at
the same time, preparing c7-c5 advance.} (12... Re8 13. N1h2 exd4 14. cxd4 Na5
15. Bc2 c5 16. b3 {1-0 Popovic,P-Salov,V/Manila 1990/CBM 019/[Schussler] (57)})
13. Bc2 c5 14. b3 $1 $146 {Extremely strong novelty. It seems a bit strange to
open the long diagonal, when black's dark-squared bishop is located on f6. But,
white covers the c4 spot, and making possible the development of dark-squared
bishop. In the previous games white tried:} (14. Ng3 cxd4 15. cxd4 Nc6 16. d5
Nb4 17. Bb1 a5 18. Nh5 Be7 19. g4 g6 20. Ng3 Re8 21. b3 Na6 22. Bd3 $14 {
1-0 Averbakh,Y-Botvinnik,M/Moscow 1957/EXT 2001 (45)}) (14. d5 c4 15. Ng3 g6
16. Bh6 Bg7 17. Bg5 f6 18. Be3 Bd7 19. Nh2 Nb7 20. h4 Na4 21. Rb1 Rf7 22. h5
Qf8 23. Qd2 Rc8 24. Nf3 Re7 25. Nh4 Qf7 26. Rf1 Qe8 {1/2-1/2 Hazai,L-Malich,B/
Halle 1981/MCD (26)}) (14. dxc5 dxc5 15. Qxd8 Rxd8 16. Ne3 h5 17. g4 g6 $11 {
1-0 Pietzsch,W-Pytlakowski,A/Warsaw 1959/EXT 2001 (43)}) (14. Ne3 cxd4 15. cxd4
Nc6 16. d5 Nb4 17. Bb1 a5 18. Qe2 Bd7 19. Bd2 Na4 20. a3 Na6 21. b4 $14 {
1/2-1/2 Lee,P-Janetschek,K/Bad Aibling 1968/EXT 2001 (41)}) 14... cxd4 15. cxd4
Nc6 {attacking white's centre.} ({Black doesn't equalize after} 15... exd4 16.
Nxd4 Bb7 (16... d5 17. e5 $16) 17. Be3 $14) 16. Be3 {White isn't interested to
close the centre:} (16. d5 Nb4 17. Bb1 a5 $13 {[%cal Yb4a6,Ya6c5]}) {Black
faces some problems to maintain the tension in the centre, as he cannot
complete the development of the queenside.} 16... d5 $2 {losing the pawn.} ({
Better was to get the position with inferior pawn structure, but with material
balance:} 16... exd4 17. Nxd4 Nxd4 18. Bxd4 Be5 {[%cal Yd8f6]} (18... Nd7 19.
Ne3 Bb7 20. Nf5 $16) 19. Rc1 $14) 17. exd5 Nxd5 (17... Nxd4 {leads to white's
obvious advantage as well:} 18. Nxd4 exd4 19. Bxd4 Bb7 (19... Bxd4 20. Qxd4
Nxd5 21. Be4 Be6 22. Rad1 $18) 20. Bxf6 Qxf6 21. Ne3 Rad8 22. Be4 Rfe8 23. Qd3
Qh4 24. Bf3 $16) (17... exd4 18. Nxd4 Nb4 (18... Ne7 19. Nc6 $16) 19. Nc6 $16)
18. dxe5 Nxe5 (18... Nxe3 {is even worse, than the move in the game:} 19. Rxe3
Qxd1 (19... Be7 20. Bxh7+ (20. Be4 $16) 20... Kxh7 21. Qc2+ Kg8 22. Qxc6 $18)
20. Rxd1 $18 {[%cal Yc2e4]}) 19. Nxe5 Bxe5 {[%tqu "En","Please find the best
continuation for white.","","","c2h7","",10]} 20. Bxh7+ $1 {Simple tactics,
that gives white a material advantage.} ({Another interesting option is} 20.
Qh5 f5 21. Rad1 Bc3 (21... g6 22. Qf3 Bb7 23. Bc5 $18) 22. Re2 $14) 20... Kxh7
21. Qh5+ Kg8 22. Qxe5 $16 {White is a pawn up without any compensation from
the black's side.} Re8 23. Qg3 Nxe3 {Otherwise, white would create some
serious threats against black's monarch from the long diagonal...} 24. Nxe3 Be6
{trying to limit the possibilities of white's knight.} 25. f4 $1 {intending to
drive away the bishop from e6.} Qf6 26. Kh2 $1 {moving away the king from
diagonal a7-g1, thus, threatening with f4-f5 advance.} (26. f5 {doesn't work
at the moment:} Bxf5 27. Rf1 Qb6 $11) 26... Bf5 {blocking white's pawn.} 27.
Rad1 Be4 {covering the central d5 spot. But, now white is getting the g4
square.} (27... Rad8 $2 {loses immediately in view of} 28. Nd5 Qh6 (28... Qd6
29. Ne7+ $18) 29. Ne7+ $18) 28. Ng4 $1 {activating the knight.} Qg6 29. Ne5 {
foring black to change the queens.} Qxg3+ 30. Kxg3 f5 31. Re2 Re6 32. Kh4 $1
$16 {[%cal Gd1d7,Yg2g4] /+-. Probably, black lost on time, but, anyway, this
endgame is winning for white.} 1-0

[Event "Interzonal-16"]
[Site "Biel"]
[Date "1993.??.??"]
[Round "10"]
[White "Hjartarson, Johann"]
[Black "Nikolic, Predrag"]
[Result "1/2-1/2"]
[WhiteElo "2605"]
[BlackElo "2625"]
[Annotator "Ernst,T"]
[PlyCount "165"]
[EventDate "1993.07.16"]
[EventType "swiss"]
[EventRounds "13"]
[EventCountry "SUI"]
[SourceTitle "CBM 037"]
[Source "ChessBase"]
[SourceDate "1993.12.01"]
[SourceVersion "1"]
[SourceVersionDate "1993.12.01"]
[SourceQuality "1"]

1. e4 e5 2. Nf3 Nc6 3. Bb5 a6 4. Ba4 Nf6 5. O-O Be7 6. Re1 b5 7. Bb3 O-O 8. c3
d6 9. h3 Na5 10. Bc2 c5 11. d4 Bb7 12. d5 Nc4 13. b3 Nb6 14. a4 Bc8 15. Nbd2
Bd7 (15... g6 16. Bd3 Bd7 17. a5 Nc8 18. Nf1 $14 {WangZili-Romanishin/Manilaol/
1992/}) 16. a5 Nc8 17. b4 c4 $14 18. Nf1 g6 19. Bh6 Re8 20. Ng3 Bf8 21. Bg5 h6
22. Be3 Nh7 23. Qd2 h5 24. Ng5 (24. Nh2 h4 25. Ne2 g5 $14) 24... Nxg5 25. Bxg5
f6 26. Be3 h4 27. Nf1 g5 $1 28. Bd1 Re7 29. Bh5 Rh7 30. Qe2 Ne7 31. Bb6 Qc8 32.
Ne3 Bg7 33. Rad1 Qb7 34. Bg4 Rf8 35. Be6+ Kh8 (35... Bxe6 36. dxe6 $16) 36. Nf5
Nxf5 37. exf5 Rb8 38. Qe4 Bf8 39. f3 Be7 40. Bf2 Kg7 41. Kf1 Rbh8 42. Ke2 Kf8
43. Rh1 Ke8 44. Qg4 Bf8 45. Rd2 Kd8 46. Kd1 Kc8 47. Kc2 Kb8 48. g3 hxg3 49.
Bxg3 Be8 50. Rdh2 Qg7 51. Qe4 Be7 52. Kb2 Bd8 53. Bf2 Rh5 54. Qe3 R8h7 55. h4
Qb7 56. Bg3 Qa7 57. Qe1 (57. Qxa7+ Kxa7 58. hxg5 Rxh2+ 59. Rxh2 Rxh2+ 60. Bxh2
fxg5 $17 {Weakness f3/}) 57... Qg7 58. Bf2 gxh4 59. Bxh4 Bf7 60. Qf2 Bxe6 61.
fxe6 Qb7 62. Qd2 Kc8 63. Bg3 Rxh2 64. Rxh2 Rxh2 65. Bxh2 f5 66. Bg1 (66. Bxe5
$2 dxe5 67. d6 Qxf3 68. e7 Kd7 69. exd8=Q+ Kxd8 70. Qg5+ Kc8 71. Qe7 Qe2+ 72.
Kc1 Qe1+ 73. Kc2 Qe2+ 74. Kc1 Qe3+ 75. Kc2 Qd3+ $17) 66... f4 67. Bf2 Bf6 68.
Bb6 Bd8 69. Bxd8 Kxd8 70. Kc1 Qg7 71. Qh2 Qg3 72. Qh1 Ke7 73. Kd2 Qg6 74. Qh4+
Ke8 75. Kc1 Qg1+ 76. Kb2 Qg2+ 77. Ka3 Qg7 (77... Qc2 $4 78. Qh8+ Ke7 79. Qg7+
$18) 78. Qh3 Ke7 79. Kb2 Ke8 80. Qh5+ Ke7 81. Qh4+ Ke8 82. Qf2 Qh7 83. Qg2
1/2-1/2

[Event "Interzonal-16"]
[Site "Biel"]
[Date "1993.??.??"]
[Round "5"]
[White "Sherzer, Alex"]
[Black "Piket, Jeroen"]
[Result "0-1"]
[WhiteElo "2500"]
[BlackElo "2590"]
[Annotator "Ernst,T"]
[PlyCount "80"]
[EventDate "1993.07.16"]
[EventType "swiss"]
[EventRounds "13"]
[EventCountry "SUI"]
[SourceTitle "CBM 037"]
[Source "ChessBase"]
[SourceDate "1993.12.01"]
[SourceVersion "1"]
[SourceVersionDate "1993.12.01"]
[SourceQuality "1"]

1. e4 e5 2. Nf3 Nc6 3. Bb5 a6 4. Ba4 Nf6 5. O-O Be7 6. Re1 b5 7. Bb3 d6 8. c3
O-O 9. h3 Na5 10. Bc2 c5 11. d4 Nd7 12. Nbd2 cxd4 13. cxd4 Nc6 14. Nf1 exd4 15.
Nxd4 Nxd4 16. Qxd4 Ne5 17. f4 (17. Ne3 Bf6 18. Qd1 Be6 19. Nd5 Bxd5 20. Qxd5
Rc8 21. Bb3 Nc4 22. Rb1 (22. Re2 Rc5 23. Qd1 d5 $17) 22... Re8 23. Bf4 Be5 24.
Be3 Qf6 $15) 17... Nc6 18. Qf2 (18. Qd1 $5) 18... Bh4 $1 19. g3 (19. Ng3 Qf6
$15) 19... Bf6 20. Kh2 (20. Rd1) 20... Bb7 21. Ne3 $6 (21. Rd1 $142 Rc8 {
/\ 22.e5 Be5 23.fe5 Ne5} 22. Bb3) 21... Bd4 $1 22. Qf3 Rc8 23. Bb3 Ne7 24. Rd1
Qb6 25. Nc2 Bc5 (25... Bf6 26. Be3 Qc6 27. Bd4 $1) 26. f5 (26. Be3 a5 $15 (
26... Kh8 {/\ f5} 27. f5 $2 Nxf5)) 26... d5 $1 27. exd5 Qf6 $17 28. Rf1 $6 (28.
Be3 a5 $1 $17) 28... Rfd8 29. Qg4 h6 30. Ne3 Nxd5 31. Nxd5 Bxd5 32. Bxd5 Rxd5
33. Rb1 Bd6 34. h4 Rc2+ 35. Kh3 Rd4 36. Bf4 (36. Qf3 Qxh4+ $19) 36... Bxf4 37.
Rxf4 Rdd2 38. Rh1 Rxb2 39. Qf3 Rxa2 40. g4 Qd6 0-1

[Event "Interzonal-14a"]
[Site "Subotica"]
[Date "1987.??.??"]
[Round "15"]
[White "Sax, Gyula"]
[Black "Rodriguez Cespedes, Amador"]
[Result "1-0"]
[WhiteElo "2570"]
[BlackElo "2495"]
[Annotator "Ernst,T"]
[PlyCount "107"]
[EventDate "1987.06.??"]
[EventType "tourn"]
[EventRounds "17"]
[EventCountry "YUG"]
[EventCategory "11"]
[SourceTitle "CBM 003"]
[Source "ChessBase"]
[SourceDate "1988.04.01"]
[SourceVersion "1"]
[SourceVersionDate "1988.04.01"]
[SourceQuality "1"]

1. e4 e5 2. Nf3 Nc6 3. Bb5 a6 4. Ba4 Nf6 5. O-O Be7 6. Re1 b5 7. Bb3 d6 8. c3
O-O 9. h3 Na5 10. Bc2 c5 11. d4 Nd7 12. Nbd2 cxd4 13. cxd4 Nc6 14. Nb3 (14. d5
Nb4 15. Bb1 a5 16. a3 Na6 17. b4 Nb6 18. Qb3 Na4 19. Nf1 $14) 14... a5 15. Bd3
Ba6 16. d5 Nb4 17. Bf1 a4 18. a3 Nxd5 19. Qxd5 axb3 20. Bxb5 Nf6 21. Qd3 Bxb5
22. Qxb5 Qb8 23. Qxb8 Raxb8 24. Bg5 Rfc8 25. Rac1 h6 (25... Rc2 26. Rxc2 bxc2
27. Bc1 Rc8 28. Re2 Rc4 29. Nd2 $14) 26. Rxc8+ Rxc8 27. Bxf6 Bxf6 28. Re3 Rc2 (
28... Rc1+ $142 29. Kh2 Rc2 30. Rxb3 d5 31. a4 dxe4 32. Ng1 e3 33. fxe3 e4 {
/\ Be5} 34. Rb8+ Kh7 35. Re8 Bxb2 (35... Rxb2 36. Rxe4 $14) 36. Rxe4 f5 37. Re6
$14) 29. Rxb3 d5 30. Ne1 Re2 31. Kf1 Rxe4 32. Rd3 $1 Rc4 33. Rxd5 e4 34. Rd2 $6
(34. Rb5 Rc1 35. Ke2 $16) 34... Rc1 35. Ke2 Rb1 36. g4 Kh7 (36... Bxb2 37. Rd8+
Kh7 38. Rb8 $18) (36... g6 37. f3 $1) 37. b4 Bc3 38. Rd1 Rb2+ $2 (38... Rb3 39.
Nc2 Rb2 40. Rc1 g6 41. Ke3 f5 42. a4 Bxb4 (42... f4+ $2 43. Kxe4 Bd2 44. Rd1
Rxc2 45. Kd3 $18) 43. Nxb4 Rxb4 44. Ra1) 39. Ke3 Ra2 40. Kxe4 Re2+ (40... Rxa3
41. Nd3 Rb3 42. Kd5 $18) 41. Kf3 $1 (41. Kd3 Rxe1 42. Rxe1 Bxe1 43. Ke2 Bc3 44.
Kd3 $10) 41... Rxe1 42. Rxe1 Bxe1 43. b5 $18 Ba5 44. Ke4 Kg6 45. Kd5 Be1 (45...
Kg5 46. Kc6 Kh4 47. b6 Bc3 48. a4 Kxh3 49. a5) 46. f3 Kg5 47. b6 Kh4 48. b7 Bg3
49. a4 Kxh3 50. a5 Bb8 51. a6 g6 52. Kc6 h5 53. gxh5 gxh5 54. Kb6 1-0

[Event "Rishon Le Ziyyon"]
[Site "Rishon Le Ziyyon"]
[Date "1994.??.??"]
[Round "11"]
[White "Gofshtein, Leonid D"]
[Black "Kosashvili, Yona"]
[Result "0-1"]
[WhiteElo "2495"]
[BlackElo "2545"]
[Annotator "Ernst,T"]
[PlyCount "70"]
[EventDate "1994.11.??"]
[EventType "tourn"]
[EventRounds "11"]
[EventCountry "ISR"]
[EventCategory "11"]
[SourceTitle "CBM 045"]
[Source "ChessBase"]
[SourceDate "1995.04.01"]
[SourceVersion "1"]
[SourceVersionDate "1995.04.01"]
[SourceQuality "1"]

1. e4 e5 2. Nf3 Nc6 3. Bb5 a6 4. Ba4 Nf6 5. O-O Be7 6. Re1 b5 7. Bb3 d6 8. c3
O-O 9. h3 Na5 10. Bc2 c5 11. d4 cxd4 12. cxd4 Bb7 13. Nc3 $5 {[#]} (13. Nbd2
$142) 13... Qc7 (13... Rc8 14. d5 (14. Bd3 Nc4 15. b3 Nb6 16. Bb2 b4 $1 17. Na4
Nxa4 18. bxa4 d5 $10 {Anand,V-Cseshkovsky,V/Wijk aan Zee/1989 0-1 (40)/ Inf 47/
(444)}) 14... Qc7 15. Re2 Nh5 $13 {Ivanchuk,V-El Taher,F/Manila olm/1992 1-0 
(39)/ Inf 55/(362)}) 14. Re2 (14. a3 $6 Rfe8 15. Bd3 Nc4 16. Qb3 exd4 17. Nxd4
d5 $15 {Ragozin,V-Levenfish,G/URS-ch11 Leningrad/1939 0-1 (58)}) 14... Rac8 15.
Bd3 Nc4 16. b3 Nb6 17. Bb2 b4 18. Na4 Nxa4 19. bxa4 d5 20. Rc1 Qa5 21. Rxc8
Rxc8 22. dxe5 Nxe4 23. e6 f6 24. Nd4 Qb6 25. Nf5 Qxe6 26. Rxe4 dxe4 27. Qg4 Kf8
28. Qxg7+ Ke8 29. Qxh7 Qf7 30. Qxf7+ Kxf7 31. Bb1 Rd8 32. Bc2 Bd5 33. Ne3 Bxa2
34. Bxe4 Bc5 35. Nf1 Rd2 0-1

[Event "Belgrade GMA op"]
[Site "Belgrade"]
[Date "1988.??.??"]
[Round "?"]
[White "Plaskett, H James"]
[Black "Tseshkovsky, Vitaly"]
[Result "1-0"]
[WhiteElo "2450"]
[BlackElo "2505"]
[Annotator "Ernst,T"]
[PlyCount "119"]
[EventDate "1988.12.??"]
[EventType "swiss"]
[EventRounds "9"]
[EventCountry "YUG"]
[SourceTitle "TD"]
[Source "ChessBase"]
[SourceDate "1994.03.01"]
[SourceVersion "1"]
[SourceVersionDate "1994.03.01"]
[SourceQuality "1"]

1. e4 e5 2. Nf3 Nc6 3. Bb5 a6 4. Ba4 Nf6 5. O-O Be7 6. Re1 b5 7. Bb3 d6 8. c3
O-O 9. h3 Na5 10. Bc2 c5 11. d4 cxd4 12. cxd4 Bb7 13. Nbd2 Rc8 14. Nf1 Re8 15.
d5 Nc4 16. b3 Nb6 17. Ne3 g6 18. Bd2 Nbd7 19. a4 $16 Nc5 20. axb5 axb5 21. Ba5
Qd7 22. Nf1 Nh5 23. Qd2 Nf4 24. Bb6 $1 Bd8 25. Bxd8 Rexd8 26. Ne3 Ra8 27. Ng4
Qe7 28. b4 Na4 29. Bd3 h5 30. Ne3 Nxd3 31. Qxd3 Qd7 32. Nh4 Rac8 33. Ra3 Kh7
34. Qd2 Rg8 35. Rf1 Qe7 36. g3 Rb8 37. f4 $1 exf4 38. Rxf4 Bc8 (38... g5 39.
Nhf5 Qe5 40. Rf1 Qxe4 $2 41. Nxd6 $18) 39. Kh2 Rg7 40. Qd4 $1 Rb7 41. Nf3 Nb6
42. Rc3 Bd7 43. Qf6 Be8 44. Ng5+ Kg8 45. Qxe7 Rxe7 46. Rf6 Re5 47. Rxd6 Rxg5
48. Rxb6 Re5 49. Rb8 f6 (49... Rxe4 50. d6 f5 51. Rcc8 Kf8 52. Nd5 Re2+ 53. Kg1
Ra7 54. Ra8 $18) 50. Rcc8 Kf8 51. d6 Rxe4 52. Nd5 Re2+ 53. Kg1 Ra7 54. Ra8 Rxa8
55. Rxa8 Kg7 56. Ra7+ Kf8 57. d7 Bxd7 58. Rxd7 Re4 59. Rd6 Kg7 60. Rxf6 1-0

[Event "Taastrup"]
[Site "Taastrup"]
[Date "1992.??.??"]
[Round "?"]
[White "Wahls, Matthias"]
[Black "Romanishin, Oleg M"]
[Result "1/2-1/2"]
[WhiteElo "2570"]
[BlackElo "2595"]
[Annotator "Ernst,T"]
[PlyCount "39"]
[EventDate "1992.02.??"]
[EventType "tourn"]
[EventRounds "9"]
[EventCountry "DEN"]
[EventCategory "13"]
[SourceTitle "CBM 028"]
[Source "ChessBase"]
[SourceDate "1992.06.01"]
[SourceVersion "1"]
[SourceVersionDate "1992.06.01"]
[SourceQuality "1"]

1. e4 e5 2. Nf3 Nc6 3. Bb5 a6 4. Ba4 Nf6 5. O-O Be7 6. Re1 b5 7. Bb3 d6 8. c3
O-O 9. h3 Na5 10. Bc2 c5 11. d4 Nc6 12. d5 Na5 13. b3 $1 g6 (13... Ne8 14. a4
Bd7 15. axb5 axb5 16. Be3 g6 17. Nbd2 Ng7 18. b4 cxb4 19. cxb4 Nc4 20. Nxc4
bxc4 $14 {Psakhis - Romanishin, Moskau 1986.}) 14. Bh6 {Mit 14.a4 konnte Weiss
versuchen in die Partie Psakhis - Romanishin einzu- lenken.} Re8 15. Nbd2 Bd7
16. a4 Qc7 17. Qe2 Bf8 18. Be3 Nh5 19. axb5 Bxb5 20. Bd3 1/2-1/2

[Event "EU-chT (Men) 16th"]
[Site "Heraklion"]
[Date "2007.11.05"]
[Round "8.3"]
[White "Volokitin, Andrei"]
[Black "Wojtaszek, Radoslaw"]
[Result "0-1"]
[WhiteElo "2678"]
[BlackElo "2635"]
[Annotator "Ftacnik,L"]
[PlyCount "66"]
[EventDate "2007.10.28"]
[EventType "team-swiss"]
[EventRounds "9"]
[EventCountry "GRE"]
[SourceTitle "CBM 121"]
[Source "ChessBase"]
[SourceDate "2007.11.14"]
[SourceVersion "1"]
[SourceVersionDate "2007.11.14"]
[SourceQuality "1"]
[WhiteTeam "Ukraine"]
[BlackTeam "Poland"]
[WhiteTeamCountry "UKR"]
[BlackTeamCountry "POL"]

1. e4 e5 2. Nf3 Nc6 3. Bb5 a6 4. Ba4 Nf6 5. O-O Be7 6. Re1 b5 7. Bb3 d6 8. c3
O-O 9. h3 Na5 10. Bc2 d5 $5 {The chess theory marches on and this shocking
move was borned only in the year 2007! Black hopes to benefit from white's
slow, academic way of queenside development.} 11. d4 (11. exd5 e4 12. Ng5 Nxd5
13. Nxe4 f5 14. Ng3 f4 15. Ne4 f3 16. d4 fxg2 17. Qh5 (17. Ng3 Qd6 18. Qd3 (18.
Be4 Bb7 19. Nf5 Rxf5 20. Bxf5 Rf8 21. Re6 Rxf5 22. Rxd6 $18 {0-1 Kuznetsov,V 
(2448)-Gajewski,G (2556)/Pardubice 2007 (31)}) 18... g6 19. Ne4 Qe6 20. Bh6 Nf4
21. Bxf4 Rxf4 22. Nbd2 Qf7 23. a4 Bh4 24. axb5 Bb7 25. Rxa5 Rxe4 26. Nxe4 Bxe4
27. Qe3 Bxc2 $15 {1/2 Wang Hao (2624)-Jones,G (2526)/Liverpool 2007 (104)})
17... g6 18. Qh6 Rf5 19. Ng3 Bf8 20. Qd2 Rf7 21. b3 Nf4 22. Ne4 Nxh3+ 23. Kxg2
Qd7 24. Qe3 Bb7 $17 {0-1 Gouliev,N (2560)-Fressinet,L (2654)/Ajaccio 2007 (36)}
) 11... dxe4 12. Nxe5 c5 13. Bg5 Bb7 14. dxc5 (14. Nd2 cxd4 15. cxd4 Re8 16.
Bxf6 Bxf6 17. Nxe4 Bxe5 18. dxe5 Rxe5 19. b4 Nc6 20. Nc5 Qxd1 21. Raxd1 Rxe1+
22. Rxe1 Nxb4 23. Bb3 $11 {0-1 Charbonneau,P (2503)-Benjamin,J (2576)/ICC INT
2007 (80)}) 14... Qc7 15. Bxf6 $2 {[%mdl 16384] Should this move fail on
tactical grounds it will amount to a real positional crime! From now on
Volokitin will fight for a lost case.} (15. c6 $5 Rad8 16. Nd2 Nxc6 17. Nxc6
Qxc6 18. Qe2 e3 19. Nf3 exf2+ 20. Qxf2 $11) 15... Rad8 $1 (15... Bxf6 $2 16.
Nd7 Rfd8 17. Nxf6+ gxf6 18. Qg4+ $16) 16. Qe2 (16. Nd2 Bxf6 17. c6 (17. Ng4 Bg5
18. Ne3 Nc4 19. Nexc4 (19. Re2 Nxb2 $17) 19... bxc4 20. Re3 Bxe3 21. fxe3 Qxc5
$17) 17... Bxe5 18. cxb7 Nc4 19. Re2 Bf4 $17) 16... Bxf6 17. Ng4 (17. c6 Nxc6
18. Nxc6 Qxc6 19. Bxe4 Qxe4 20. Qxe4 Bxe4 21. Rxe4 Rd1+ 22. Kh2 a5 $17) 17...
Bg5 18. Ne3 (18. b4 f5 $1 19. Ne3 (19. bxa5 fxg4 20. hxg4 Qxc5 $17) 19... f4) (
18. Bxe4 $2 Rfe8 $19) 18... f5 19. b4 f4 (19... Nc6 20. a4 bxa4 21. Rxa4 Ne5
22. Rd1 $13) 20. Nf1 (20. bxa5 fxe3 21. fxe3 Qxc5 $17) 20... f3 $1 {The
punishment comes at a speed of light, all black pieces play near to their
maximal strength.} (20... e3 21. fxe3 (21. bxa5 $2 f3 $1 $19) 21... Nc4 22. e4
$13) 21. gxf3 e3 22. fxe3 $6 (22. Nxe3 $1 Bxf3 23. Qf1 Bf4 24. Ng2 Nc4 $17)
22... Rxf3 23. e4 (23. bxa5 $2 Rg3+ $1 $19) 23... Rdf8 {White position makes
an impression of a shattered dream, his king is naked and pieces still in
disarray.} 24. Qg2 (24. Nbd2 Rxc3 25. Rac1 Nc4 26. Bb3 Rg3+ 27. Kh1 Rxh3+ 28.
Kg2 Rh6 $19) (24. bxa5 Qxc5+ 25. Kh1 Rxh3+ 26. Kg2 Bc8 27. Nbd2 Bh4 $19) 24...
Bh4 25. Nbd2 Rxc3 26. Rec1 Bc8 $1 27. bxa5 {The long wait for the consumation
of the knight was not pleasant for White and the joy will be very shortlived.}
(27. Bb3+ Nxb3 28. Rxc3 Nxa1 29. Nf3 Bf6 $19) 27... Qxc5+ 28. Kh1 Rf2 $1 29.
Bb3+ (29. Qg1 Rxh3+ 30. Nh2 Rfxh2+ $19) 29... Kh8 30. Rxc3 Qxc3 31. Qxf2 Bxf2
32. Rd1 Bxh3 33. Nh2 (33. Kh2 Bg4 $19) 33... Qg3 0-1

[Event "Linz"]
[Site "Linz"]
[Date "1997.05.20"]
[Round "4"]
[White "Lanka, Zigurds"]
[Black "Romanishin, Oleg M"]
[Result "1/2-1/2"]
[WhiteElo "2575"]
[BlackElo "2555"]
[Annotator "Hansen,LB"]
[PlyCount "229"]
[EventDate "1997.05.17"]
[EventType "tourn"]
[EventRounds "9"]
[EventCountry "AUT"]
[EventCategory "12"]
[SourceTitle "CBM 059"]
[Source "ChessBase"]
[SourceDate "1997.08.01"]
[SourceVersion "1"]
[SourceVersionDate "1997.08.01"]
[SourceQuality "1"]

1. e4 e5 2. Nf3 Nc6 3. Bb5 a6 4. Ba4 Nf6 5. O-O Be7 6. Re1 b5 7. Bb3 d6 8. c3
O-O 9. h3 Na5 10. Bc2 c5 11. d4 Bb7 12. d5 Nc4 13. b3 Nb6 14. a4 Bc8 {This is
the starting position of the closed version of the Romanishin variation (12.d5)
.} 15. Na3 (15. Nbd2) (15. Qe2) 15... Bd7 16. Be3 Qb8 $146 (16... Qc7 17. Nd2
g6 18. axb5 axb5 19. Bd3 Rfb8 20. Qe2 b4 21. cxb4 cxb4 22. Nc2 Rxa1 23. Rxa1
Nc8 24. Nc4 $14 {>< b4; Xie Jun - Maric,A/Erevan OL/1996/}) 17. Kh1 g6 18. a5
Nc8 19. b4 c4 {This pawn structure is typical of the Romanishin variation. The
Q-side is closed, but Romanishin has shown in several games that a lot of
action can take place on the K-side!} 20. Bh6 Re8 21. Qd2 Qc7 22. Rg1 Bf8 23.
g4 Bxh6 24. Qxh6 Qd8 25. Raf1 Qe7 26. Nd2 Kh8 27. Qe3 g5 $1 {Also typical: The
blacksquared Bs are exchanged and Black plays on the black squares, thereby
compensating for White's superiority in space.} 28. f3 (28. Qxg5 Nxd5 $1) 28...
Ng8 29. Rf2 f6 30. Rh2 Qg7 31. h4 h6 32. Nf1 gxh4 $5 33. Rxh4 Qg5 34. Qf2 Re7
35. Rh5 Qg7 36. Ne3 Qf8 37. f4 Qe8 38. f5 Rg7 39. Qh2 Qe7 40. Nb1 Be8 41. Rh3
Qa7 42. Nd2 Rh7 43. Bd1 Rb8 44. Rg2 Rbb7 $11 45. Qg1 Rbg7 46. Nf3 Nce7 47. Qf2
Nc8 48. Kg1 Nce7 49. Kf1 Nc8 50. Ke1 Nce7 51. Kd2 Nc8 52. Qe1 Qc7 53. Qh1 Qa7
54. Rgh2 Qe7 55. Rh4 Qf7 56. Ng1 Qe7 57. Bf3 Rg5 58. Be2 Rgg7 59. Nf3 Qf7 60.
Kc2 Qa7 61. Qc1 Qe7 62. Qd2 Qa7 63. Ng2 Qe7 64. Qe3 Qf7 65. R4h3 Qf8 66. Ngh4
$5 Rxg4 67. Nd2 (67. Nxe5 Rxh4 $1 $17) 67... Rg5 68. Nhf3 Rgg7 69. Nf1 Qe7 70.
Qd2 Qa7 71. Ne3 Nce7 72. Rh1 Nc8 73. Nh2 Rg5 74. Bg4 Qg7 75. Rh4 Qa7 76. Nf3
Rgg7 77. Bh5 Bxh5 78. Rxh5 Nce7 79. R1h3 Qb8 80. Qf2 Qf8 81. Qh4 Qf7 82. Rh2
Qf8 83. Kb2 Qf7 84. Ng4 Nc8 85. Nxh6 Nxh6 86. Rxh6 Rxh6 87. Qxh6+ Rh7 88. Qd2
Rxh2 89. Qxh2+ Qh7 90. Qg3 Qh6 91. Ne1 Kh7 92. Nc2 Qg7 93. Qh2+ Qh6 94. Qg1 Qg7
95. Qd1 Qg5 96. Qf3 Kg7 97. Ne3 Kf7 $11 98. Kc2 Ke7 99. Kd2 Kd7 100. Ke2 Ne7
101. Ng4 Ng8 102. Qh3 Ke8 103. Nf2 Nh6 104. Qf3 Ke7 105. Kd1 Qg1+ 106. Kd2 Qg5+
107. Kc2 Kf7 108. Qh3 Ke7 109. Nd1 Qf4 110. Qg2 Nf7 111. Qe2 Ng5 112. Nf2 Qh2
113. Kd1 Qg3 114. Kc2 Qh2 115. Kd1 1/2-1/2